Responses for show #1065 - Friday, March 31, 1989

Jim Tompkins-MacLaine game 2.

Contestants

[<< previous game]

Colleen Simon, a real estate broker from Villa Park, California

Phil Gibbons, a salesman from Hermosa Beach, California

Jim Tompkins-MacLaine, a musician originally from Tiffin, Ohio (whose 1-day cash winnings total $10,000)

[next game >>]

Jeopardy! Round responses

4-LETTER WORDS
THE HEART
WEAPONS
POP MUSIC
FOOD FACTS
NAME THAT TOON
(Alex: No, that's not a new television game show -- the reference is to cartoons.)
    $100 4
page

Colleen
    $100 23
murmur

Colleen
    $100 2
darts

Jim
    $100 3
fine

Colleen
    $100 1
sweetener

Phil
    $100 16
Porky Pig

Colleen
    $200 17
book

Jim
    $200 24
(Phil: What is oxygen?)

carbon dioxide

JimPhil
    $200 10
Full Metal Jacket

Jim
    $200 9
the earth move

Phil
    $200 5
borscht

Jim
    $200 18
Jiminy Cricket

Jim
    $300 26
dusk

Colleen
    $300 25
(Jim: What is 3 pounds?)

1 pound

Jim
Triple Stumper
    $300 12
tank

Phil
    $300 11
makin' love

Phil
    $300 6
fats

Colleen
    $300 19
penguins

Jim
    $400 27
diastole

Colleen
    $400 13
slapstick

Jim
    $400 14
"Singing the Blues"

Triple Stumper
    $300 7
(Colleen: What is the chili pepper?)

jalapeno

Colleen
    $400 20
Thumper

Jim
    $500 28
[end-of-round signal sounds]
(Alex: That sounds like a defibrillator, doesn't it?)

defibrillator

Triple Stumper
    $500 22
(Colleen: What is a torch?)
(Alex: We've got less than a minute to go in the round.)

peashooter

Colleen
Triple Stumper
    $500 15
"Feelings"

Jim
    $500 8
macadamia

Jim
    $500 21
Wile E. Coyote & the Road Runner

Phil

Scores at the first commercial break (after clue 13):

Jim Phil Colleen
$1,400 $900 $200

Scores at the end of the Jeopardy! Round:

Jim Phil Colleen
$2,900 $1,200 $600

Double Jeopardy! Round responses

WORLD HISTORY
ASTROLOGY
(Alex: That sounds fun!)
SOUND
U.S. STATES
VICTORIAN FASHION
"SH"!
    $200 1
(Phil: Who was "Bloody Mary?")

Queen Elizabeth I

JimPhil
    $200 24
(Alex: We've got a minute left in the round.)

horoscope

Colleen
    $200 6
RPMs (revolutions per minute)

Phil
    $200 2
Texas

Jim
    $200 5
gloves

Jim
    $200 21
shogun

Colleen
    $400 4
Ferdinand Magellan

Jim
    $400 27
Libra

Jim
    $400 16
speaker

Phil
    $400 3
California

Colleen
    $400 10
muff

Colleen
    $400 22
shuteye

Jim
    $600 7
Pax Romana

Colleen
    $600 28
Taurus, Virgo & Capricorn

Triple Stumper
    $600 17
audible to the human ear

Phil
    $600 13
Delaware

Jim
    $1,000 11
(Alex: Silk was the other.)

linen, cotton & wool

Colleen
    $600 23
shallot

Phil
    $800 8
(Jim: What is Timberlane?)
(Alex: Timberlane sounds like a character from the American Northwest!)

Tamerlane

JimPhil
    $800 29
[end-of-round signal sounds]

Aquarius

Jim
    $800 18
acoustics

Jim
    $800 14
New Hampshire

Phil
    $800 12
(Colleen: What is a crinoline?)

bustle

JimColleen
    $800 25
shuffleboard

Colleen
    $1000 9
(Alex: From Florence.)

the florin

Colleen
    $1000 19
harmonics

Triple Stumper
    $1,200 15
(Alex: Wisconsin was the other.)

Minnesota & Illinois

Phil
    $1000 20
ostrich feathers

Triple Stumper
    $1000 26
George Shearing

Jim

Scores at the end of the Double Jeopardy! Round:

Jim Phil Colleen
$7,900 $5,600 $4,400

[wagering suggestions for these scores]

Final Jeopardy! Round responses

PLAYWRIGHTS
(Alex: Sounds like a plane just went by? Did you hear that? They're flying low in Hollywood today!)
ColleenWho was Eugene O' Neill?
$4,400
PhilWho is O' Neill
$5,599
JimWho was Eugene O' Neill?
$3,301
Eugene O'Neill

Final scores:

Jim Phil Colleen
$11,201 $11,199 $8,800
2-day champion: $21,201 2nd place: Lehigh bedroom furniture & Normans of Salisbury bedding ensemble 3rd place: Designer glass from Stained Glass Overlay

Game dynamics:

Coryat scores:

Jim Phil Colleen
$7,900 $5,400 $4,300
22 R,
2 W
12 R
(including 1 DD),
2 W
15 R
(including 1 DD),
3 W
(including 1 DD)

Combined Coryat: $17,600

The J! Archive is created by fans, for fans. The Jeopardy! game show and all elements thereof, including but not limited to copyright and trademark thereto, are the property of Jeopardy Productions, Inc. and are protected under law. This website is not affiliated with, sponsored by, or operated by Jeopardy Productions, Inc. Join the discussion at JBoard.tv.